[Event "XIX Sant Marti Open 2017"]
[Site "Barcelona"]
[Date "2017.07.17"]
[Round "5"]
[White "Peralta, Fernando"]
[Black "Perpinya Rofes, Lluis Maria"]
[Result "1-0"]
[WhiteElo "2564"]
[BlackElo "2352"]
[Annotator "TA"]
[PlyCount "55"]
[EventDate "2017.??.??"]
[EventType "swiss"]
[EventCountry "ESP"]
[SourceTitle "playchess.com"]
[Source "ChessBase"]
[SourceQuality "1"]

{[%evp 20,55,29,23,31,28,39,32,17,21,22,7,4,8,15,24,32,27,46,46,47,45,42,48,44,38,108,121,219,218,211,218,222,204,230,229,321,302]} 1. d4 d5 2. c4 dxc4 3. e3 e5 4. Bxc4 exd4 5. exd4 Bd6 6. Nf3 Nf6 7. Qe2+ {D20: Queen's Gambit Accepted: 3 e3 and 3 e4} Qe7 8. Qxe7+ Bxe7 9. Nc3 Nbd7 10. O-O Nb6 11. Bb3 {LiveBook: 7 Games} c6 12. Re1 Nfd5 13. Bg5 (13. a4 a5 14. Bd2 Be6 {½-½ (29) L'Ami,E (2605)-Xiong,J (2667) Wijk aan Zee 2017}) 13... f6 $1 {[%cal Rf6g5]} 14. Bd2 $146 {aiming for Nxd5.} ({Predecessor:} 14. Nxd5 Nxd5 {0-1 (45) Djoric,D (2316)-Stojanovic,M (2519) Serbia 2005}) 14... Kf7 15. Ne4 Be6 16. Nc5 Bxc5 17. dxc5 {And now Nd4 would win.} Nd7 18. Rac1 $36 {[%mdl 2048] White is pushing.} Rhe8 19. Nd4 Ne5 {White should prevent ...Nd3.} 20. Red1 Rad8 21. Ba5 Rd7 22. Rd2 b6 ({Better is} 22... Kf8 $14) 23. Nxe6 $16 {Nf4 is the strong threat.} Rxe6 {[#]} (23... bxa5 $16 24. Nd4 Kf8) 24. cxb6 $1 $18 axb6 {[#]} 25. Bxb6 $1 {[%mdl 512]} Ke8 (25... Nxb6 26. Rxd7+) 26. Rcd1 Ng6 27. g3 ({Don't take} 27. Bxd5 $6 Rxd5 28. Rxd5 cxd5) 27... Re5 (27... Rb7 {was worth a try.}) 28. Bd4 {Precision: White = 84%, Black = 48%.} 1-0

[Event "XIX Sant Marti Open 2017"]
[Site "Barcelona"]
[Date "2017.07.17"]
[Round "5"]
[White "Grigoryan, Karen H"]
[Black "Perez Mitjans, Orelvis"]
[Result "1-0"]
[WhiteElo "2555"]
[BlackElo "2407"]
[Annotator "TA"]
[PlyCount "107"]
[EventDate "2017.??.??"]
[EventType "swiss"]
[EventCountry "ESP"]
[SourceTitle "playchess.com"]
[Source "ChessBase"]
[SourceQuality "1"]

{[%evp 12,107,35,34,69,43,41,41,47,44,43,30,77,11,42,29,50,42,48,-51,-7,-63,-32,-25,22,-26,22,0,0,-15,0,-17,75,55,213,98,176,16,223,233,237,166,166,166,173,174,298,242,363,179,190,179,194,137,241,243,359,343,415,348,576,32,45,0,259,77,358,357,347,304,1193,1060,931,908,1378,1371,5422,5093,4935,686,627,0,4952,4947,6012,4931,29981,29982,29982,29982,29982,29983,29983,29984,29997,29998,29998,29998]} 1. c4 Nf6 2. Nc3 g6 3. d4 Bg7 4. e4 d6 5. f3 e5 6. d5 Nfd7 7. h4 {LiveBook: 3 Games. E80: King's Indian: Sämisch: Lines without early ...0-0} h5 8. Bg5 (8. Be3 a5 9. Bd3 Na6 10. a3 Ndc5 11. Bc2 Bd7 12. Rb1 b6 13. b4 Nb7 14. Qd2 Ke7 {0-1 (38) Andresen,S (2316)-Martin,T (2308) Germany 2010}) 8... Bf6 9. Qd2 {White is slightly better.} a5 10. O-O-O $146 ({Predecessor:} 10. Nge2 Nc5 11. Nc1 Bxg5 12. hxg5 f5 13. gxf6 Qxf6 14. Nd3 Nba6 {1-0 (54) Aaron,M-Vizegaravan India 1971}) 10... Na6 11. Bd3 Kf8 12. Bb1 (12. Kb1 $16) 12... Kg7 13. Rf1 Qe7 14. g3 Nb6 15. b3 (15. Bd3 $14) 15... a4 16. Kb2 (16. Bxf6+ $11 Qxf6 17. Nge2) 16... axb3 17. axb3 Nc5 18. Bc2 Bd7 19. Nge2 Bxg5 20. hxg5 c6 21. f4 exf4 (21... Bg4 $11 {remains equal.}) 22. gxf4 Rhe8 $2 (22... Bg4 $14) 23. Ng3 (23. Qd4+ $18 {is the precise move to win.} Kg8 24. f5) 23... Bg4 (23... Rh8 $16) 24. Rh4 $2 ({White should play} 24. Bd1 $1 $18 Bxd1 25. Qxd1) 24... cxd5 $2 {[#]} (24... Nbd7 $1 $11) 25. Qd4+ $1 $18 f6 {Black wants to play ...dxc4.} 26. exd5 Nbd7 27. Nge4 Nxe4 28. Nxe4 Kf7 {[#]} (28... b5 {is a better defense.}) 29. Rxg4 $1 {[%mdl 512]} f5 (29... hxg4 $142 30. f5 Kg7) 30. Rg2 (30. Rh4 fxe4 31. f5 Qxg5 $18) (30. Nf6 $142 Nxf6 31. gxf6 Qxf6 32. Qxf6+ Kxf6 33. Rg3) 30... fxe4 31. Re2 {[%cal Re2e4]} Qd8 32. b4 (32. Rxe4 Rxe4 33. Qxe4 (33. Bxe4 Qa5 $16) 33... Qh8+ 34. Kc1 Qa1+ 35. Bb1 Qc3+ 36. Qc2 Qxc2+ 37. Bxc2 b5 $16) (32. Bxe4 $6 Nc5 $16) ({Better is} 32. Rfe1 $18 Kg8 33. Bxe4 (33. Rxe4 Rxe4 34. Rxe4 Qa5 $18)) 32... b5 (32... Qb6 $16 33. Qxb6 Nxb6) 33. cxb5 (33. Rxe4 Rxe4 34. Bxe4 (34. Qxe4 Qh8+ 35. Kb3 bxc4+ 36. Kxc4 Rc8+ 37. Kb5 Rb8+ 38. Ka5 Ra8+ 39. Kb5 Rb8+ 40. Ka5 Ra8+ 41. Kb5 Rb8+ $11) 34... bxc4 $14) 33... Qc7 (33... Qb6 $142 34. Rxe4 Qxd4+ 35. Rxd4 Nb6) 34. Bxe4 Kg8 35. Rc2 Nc5 $2 (35... Qb6 {was necessary.} 36. Qxb6 Nxb6) 36. bxc5 $2 ({Only move:} 36. Bxg6 $18 Qd7 37. Rh1 Na4+ 38. Kc1) 36... Qa5 $14 37. Kc1 $2 (37. Bd3 $14 Qa3+ 38. Kb1) 37... dxc5 $1 $18 38. Qc4 $2 (38. Rxc5 $18 {and White stays clearly on top.} Qa3+ 39. Kd1 (39. Kd2 Rxe4 40. Qxe4 Qxc5 $11)) 38... Qa3+ $2 {[%mdl 8192] [#]} (38... Rxe4 $16 {keeps fighting.} 39. Qxe4 Qa1+ 40. Kd2 Qxf1 41. Qxg6+ Kf8 42. Qf6+ Kg8 43. Qe6+ Kf8) 39. Kd2 $1 {d6+ is the strong threat.} (39. Kd1 Ra4 $16) 39... Ra4 40. Qxc5 Qg3 $2 (40... Rexe4 41. Qxa3 Rxa3) 41. Bd3 Rxf4 42. Qg1 Qh4 43. Rc6 Rxf1 44. Qxf1 (44. Bxf1 Qb4+ 45. Kc2 Qa4+ 46. Kd3 Qxb5+ 47. Kc2 Qa4+ 48. Kd3 Qa3+ 49. Kd2 Qa2+ 50. Rc2 Qa5+ 51. Rc3 Qa2+ 52. Rc2 Qa5+ 53. Rc3 Qa2+ 54. Kd1 Qb1+ 55. Rc1 Qb3+ 56. Kd2 Qa2+ 57. Kd3 (57. Rc2 Qa5+ $11) 57... Qb3+ 58. Kd2 (58. Kd4 $2 Qb2+ 59. Rc3 Qd2+ 60. Bd3 Qf4+ 61. Kc5 Rc8+ 62. Kb5 Rxc3 $19) 58... Qb4+ 59. Kd3 Qb3+ 60. Kd2 $11 (60. Kd4 $2 Qb2+ 61. Rc3 Qd2+ 62. Bd3 Qf4+ 63. Kc5 Rc8+ 64. Kb5 Rxc3 $19)) 44... Qb4+ 45. Kd1 Qa4+ 46. Kd2 Qb4+ $1 47. Rc3 Rf8 48. Qe2 h4 49. Qe6+ {White mates.} Kh8 50. Qe5+ Kg8 51. d6 Qb2+ 52. Bc2 h3 53. Qe6+ Rf7 54. Qxg6+ {Precision: White = 32%, Black = 28%.} 1-0

[Event "XIX Sant Marti Open 2017"]
[Site "Barcelona"]
[Date "2017.07.17"]
[Round "5"]
[White "Henriquez Villagra, Cristobal"]
[Black "Yao, Lan"]
[Result "1-0"]
[WhiteElo "2532"]
[BlackElo "2273"]
[Annotator "TA"]
[PlyCount "73"]
[EventDate "2017.??.??"]
[EventType "swiss"]
[EventCountry "ESP"]
[SourceTitle "playchess.com"]
[Source "ChessBase"]
[SourceQuality "1"]

{[%evp 24,73,70,83,112,117,218,216,210,215,523,515,478,492,491,306,491,486,408,391,382,340,327,308,426,354,426,406,412,366,512,507,499,513,512,505,512,497,564,546,576,573,556,570,546,550,643,641,770,758,777,743]} 1. e4 c5 2. Nf3 d6 3. d4 cxd4 4. Nxd4 Nf6 5. Nc3 Nc6 6. Bg5 e6 7. Qd2 a6 8. O-O-O Bd7 9. f4 b5 10. Bxf6 gxf6 11. Kb1 b4 {B67: Sicilian: Richter-Rauzer: 7...a6 8 0-0-0 Bd7, lines without 9 f4 Be7} 12. Nce2 Qb6 13. Nxc6 {LiveBook: 48 Games} (13. g3 Rc8 14. Bg2 h5 15. Bf3 Na5 16. b3 Bg7 17. g4 h4 18. g5 fxg5 19. Rhg1 {1-0 (28) Anand,V (2779)-Li,C (2720) Doha 2016}) 13... Qxc6 {[#] White is better.} 14. Qxb4 $146 ({Predecessor:} 14. f5 e5 15. Ng3 h5 16. h4 Qc5 17. Be2 {½-½ (17) Spasov,V (2543)-Miton,K (2592) Santa Cruz de la Palma 2005}) 14... d5 {[#]} (14... a5 $16 {was worth a try.} 15. Qd4 Be7) 15. Qd4 $1 $18 dxe4 16. Nc3 ({Don't play} 16. Qxf6 $6 Rg8 $14) 16... Rc8 $2 {[#]} (16... Be7 {is tougher.} 17. Nxe4 Qd5 18. Qxd5 exd5) 17. Bxa6 $1 {[%mdl 512]} Rb8 (17... Qxa6 18. Qxd7#) 18. Nxe4 Bg7 19. Nd6+ Ke7 $2 (19... Kf8) 20. Bb5 Rxb5 21. Nxb5 Qxb5 22. Rd3 {Qd6+ is the strong threat.} Rd8 {If Black can now play ...Qa4 this consolidates a bit.} 23. Rhd1 Ke8 24. Rg3 Bf8 25. Rg8 {Intending Qd6 and mate.} Rb8 26. b3 {Threatening mate with Qd6.} Qd5 27. Qxd5 {White is clearly winning.} exd5 28. Re1+ Be6 29. f5 Kd7 30. g4 Kd6 {If only Black now had time for ...Bd7....} 31. fxe6 fxe6 {[%mdl 4096] Endgame KRR-KRB} 32. Rf1 Ke7 33. Rh8 Kf7 34. Rxh7+ Kg6 35. Rd7 Bc5 36. h4 Bd4 {[#]} 37. c4 $1 {Precision: White = 100%, Black = 36%.} 1-0

[Event "XIX Sant Marti Open 2017"]
[Site "Barcelona"]
[Date "2017.07.17"]
[Round "5"]
[White "Arizmendi Martinez, Julen Luis"]
[Black "Tissir, Mohamed"]
[Result "1/2-1/2"]
[WhiteElo "2511"]
[BlackElo "2354"]
[Annotator "TA"]
[PlyCount "47"]
[EventDate "2017.??.??"]
[EventType "swiss"]
[EventCountry "ESP"]
[SourceTitle "playchess.com"]
[Source "ChessBase"]
[SourceQuality "1"]

{[%evp 27,47,62,57,42,93,32,35,35,35,41,62,13,12,-65,-42,-50,-39,-49,-56,-53,-30,-45]} 1. d4 Nf6 2. c4 g6 3. Nc3 Bg7 4. e4 O-O 5. Nf3 d6 6. Be2 e5 7. O-O Nbd7 8. Be3 Re8 9. d5 Nh5 10. g3 {E94: King's Indian: Classical: 6 Be2 e5 7 0-0: Various Black 7th moves} Bf8 11. Ne1 Ng7 12. Nd3 f5 13. f3 Be7 14. Qd2 Nf6 {LiveBook: 68 Games} 15. c5 Rf8 $146 (15... dxc5 $14 16. Nxc5 b6) (15... fxe4 16. fxe4 Ng4 17. Bxg4 Bxg4 {½-½ (39) Postny,E (2606)-Vovk,A (2636) Fagernes 2017}) ({Predecessor:} 15... fxe4 16. fxe4 Ng4 17. Bxg4 Bxg4 {½-½ (67) Krush,I (2432)-McNab,C (2445) York 1999}) 16. Rfc1 (16. Rf2 $16) 16... fxe4 $14 17. fxe4 Ng4 18. Bxg4 Bxg4 19. Nf2 Bd7 20. c6 ({White should try} 20. Rf1 $11) 20... bxc6 $15 21. dxc6 Bxc6 22. Nd5 Bxd5 $1 23. Qxd5+ Kh8 24. Rc6 1/2-1/2

[Event "XIX Sant Marti Open 2017"]
[Site "Barcelona"]
[Date "2017.07.17"]
[Round "5"]
[White "Burmakin, Vladimir"]
[Black "Arjun Kalyan"]
[Result "1/2-1/2"]
[WhiteElo "2505"]
[BlackElo "2347"]
[Annotator "TA"]
[PlyCount "115"]
[EventDate "2017.??.??"]
[EventType "swiss"]
[EventCountry "ESP"]
[SourceTitle "playchess.com"]
[Source "ChessBase"]
[SourceQuality "1"]

{[%evp 22,115,38,19,26,23,27,24,25,26,27,27,32,33,27,18,16,18,19,20,20,20,20,18,19,6,11,0,0,0,9,10,18,20,16,8,14,8,10,15,17,1,5,0,2,0,0,0,0,0,0,0,0,0,0,0,0,0,0,0,0,0,0,0,0,0,0,0,0,0,0,0,0,0,0,0,8,8,8,8,8,8,8,8,8,8,8,8,8,8,8,0,0,0,0,0]} 1. Nf3 d5 2. e3 Nf6 3. c4 c6 4. Nc3 e6 5. b3 Nbd7 6. Bb2 Bd6 7. Be2 O-O 8. O-O Qe7 9. Qc2 {A11: English Opening: 1...c6} b6 10. cxd5 cxd5 (10... exd5 11. Nd4 Bb7 12. Nf5 Qe6 13. Nxd6 Qxd6 14. d4 Rfe8 15. Rfd1 Nf8 16. a4 {1-0 (50) Grischuk,A (2771)-Karjakin,S (2760) Moscow 2010}) 11. Nb5 Ba6 12. Rfc1 {LiveBook: 3 Games} Rac8 13. Qd1 Bxb5 14. Bxb5 Ba3 {[#]} 15. Rab1 $146 {[%cal Ba1b1,Bb1b2,Bb2c2][%mdl 32]} ({Predecessor:} 15. Bxa3 Qxa3 16. d4 {½-½ (28) Anastasian,A (2602)-Asrian,K (2646) Yerevan 2006}) 15... Bxb2 16. Rxb2 Nb8 17. Rbc2 Qb7 18. d4 Ne4 {The position is equal.} 19. Bd3 Nd6 20. h4 h6 21. Ne5 Rxc2 22. Rxc2 Rc8 23. Qd2 Rxc2 24. Bxc2 Nd7 25. Qd3 Nf6 (25... f5 {looks sharper.} 26. g4 Nxe5 27. dxe5 Nf7 28. gxf5 Nxe5 29. Qd1 exf5 30. f4 Ng6) 26. Qc3 Qc8 (26... Qa6 {with more complications.} 27. Qb2 Qc8 28. f3 Kf8 29. Kf2 Ng8) 27. Qxc8+ Nxc8 $11 {[%mdl 4096] Endgame KBN-KNN} 28. Bd3 a5 29. f3 Nd6 30. g4 g5 31. hxg5 hxg5 32. Kf2 Kf8 33. Ke2 Ke7 34. Kd2 Kd8 35. Kc3 Nd7 36. b4 axb4+ 37. Kxb4 f6 38. Nc6+ Kc7 39. Ne7 Kd8 40. Ng6 Kc7 41. Bb5 f5 42. Bxd7 Kxd7 {KN-KN} 43. Nf8+ Ke7 44. Nh7 fxg4 45. fxg4 Ne4 46. Kb5 Nc3+ 47. Kxb6 {[#] aiming for a3.} Nxa2 48. Nxg5 Nc3 49. Kc6 Nd1 50. e4 Nf2 51. exd5 exd5 52. Kxd5 Nxg4 53. Kc6 Ne3 54. Ne4 Ke6 55. Nc3 Ke7 56. Nd5+ Nxd5 57. Kxd5 {[#] Kc6 would kill now.} Kd7 58. Ke5 {Precision: White = 58%, Black = 86%.} (58. Kc4 $5 {[%cal Rc4d5]} Kd8 59. d5 $11) 1/2-1/2

[Event "XIX Sant Marti Open 2017"]
[Site "Barcelona"]
[Date "2017.07.17"]
[Round "5"]
[White "Rios, Cristhian Camilo"]
[Black "Escalante Ramirez, Brian Sebasti"]
[Result "1-0"]
[WhiteElo "2477"]
[BlackElo "2340"]
[Annotator "TA"]
[PlyCount "47"]
[EventDate "2017.??.??"]
[EventType "swiss"]
[EventCountry "ESP"]
[SourceTitle "playchess.com"]
[Source "ChessBase"]
[SourceQuality "1"]

{[%evp 9,47,46,65,62,81,65,72,78,76,86,93,102,107,33,63,34,243,262,290,320,280,296,300,299,370,174,165,154,204,216,305,238,222,177,225,192,258,256,508,515]} 1. d4 f5 2. Bg5 c6 3. Nf3 (3. c4 d6 4. e3 g6 5. Nc3 Bg7 6. Nf3 Nd7 7. e4 fxe4 8. Nxe4 Ngf6 9. Bd3 Nxe4 10. Bxe4 Nf6 11. Bc2 {1-0 (42) Navara,D (2736)-Jussupow,A (2573) Reykjavik 2015}) 3... Qb6 4. b3 h6 5. Bf4 $146 ({Predecessor:} 5. Bc1 d6 6. h4 Nf6 7. e3 g6 8. g3 Bg7 9. Bd3 e5 10. Be2 e4 11. Nfd2 d5 12. c4 {½-½ (12) Pasztorcsik,J (2116)-Gosztolya,F (2177) Nyiregyhaza 2002}) 5... g5 6. Be5 {A80: Dutch Defence: Unusual White second moves} Rh7 {Hoping for ...d6.} 7. e3 d6 {[#]} 8. Bg3 $1 {White is better.} Nf6 9. Bd3 Rf7 10. Nbd2 Bg7 11. c4 ({White should play} 11. O-O $16) 11... Na6 12. a3 $36 {[%mdl 2048] White has some pressure.} (12. c5 $5 {[%cal Rc5b6]} Qd8 13. cxd6 $16) 12... f4 $2 (12... c5 $1 $14) 13. exf4 $18 g4 {[#]} 14. c5 $1 {[%cal Rc5b6][%mdl 512]} Qd8 (14... dxc5 15. Ne5) 15. Nh4 dxc5 16. Bg6 Qxd4 17. Bxf7+ (17. O-O $142) 17... Kxf7 {[#]} 18. O-O $1 Nd5 19. Qc2 {And now Nc4 would win.} Nxf4 (19... Kg8 $142 20. Rad1 Qf6) 20. Bxf4 Qxf4 21. Rae1 Qf6 22. g3 {[%mdl 1024] White has strong compensation.} Kg8 (22... Nc7 $142 23. Qh7 (23. Qxc5 Nd5 $16) 23... Ne6) 23. Qc4+ Kh7 $2 (23... Kf8 {keeps fighting.} 24. Qe4 Kg8) 24. Ne4 $1 {[%csl LRc5,LRf6] Precision: White = 63%, Black = 13%.} 1-0

[Event "XIX Sant Marti Open 2017"]
[Site "Barcelona"]
[Date "2017.07.17"]
[Round "5"]
[White "Fernandez, Fernando"]
[Black "Cuartas, Jaime Alexander"]
[Result "1-0"]
[WhiteElo "2424"]
[BlackElo "2501"]
[Annotator "TA"]
[PlyCount "97"]
[EventDate "2017.??.??"]
[EventType "swiss"]
[EventCountry "ESP"]
[SourceTitle "playchess.com"]
[Source "ChessBase"]
[SourceQuality "1"]

{[%evp 14,97,36,32,41,43,121,131,126,129,142,130,130,121,130,137,122,121,247,145,143,143,150,115,110,118,115,116,103,117,108,111,111,105,142,152,174,173,245,243,233,222,236,221,408,408,408,408,408,408,408,405,388,391,397,383,377,375,368,343,918,898,866,850,1161,1445,1326,1517,1797,1837,1339,866,252,11618,29973,29973,29972,29969,29979,29983,29986,29985,29985,29986,29986,29985]} 1. e4 c6 2. d4 d5 3. e5 Bf5 4. Nf3 e6 5. Be2 c5 6. c3 Nc6 7. O-O h6 {B12: Caro-Kann: Advance Variation} (7... Bg6 8. a3 cxd4 9. cxd4 Nge7 10. Nc3 Nc8 11. Bd3 Bh5 12. Be3 Nb6 13. b3 Rc8 14. Nb1 a6 15. h3 Na5 {½-½ (50) Najer,E (2706)-Dreev,A (2647) Sochi 2017}) 8. Be3 {LiveBook: 3 Games} Qb6 9. Na3 c4 $146 {[#]} (9... Bg4 $14) ({Predecessor:} 9... a6 10. Qb3 Qxb3 11. axb3 cxd4 12. Nxd4 Bxa3 13. Rxa3 Nxd4 14. Bxd4 Ne7 15. Bb5+ {½-½ (57) Sereni,V-Beavan,R (1924) ICCF email 2014}) 10. Nxc4 $1 $16 dxc4 11. d5 Bc5 {Strongly threatening ...exd5.} 12. Bxc5 Qxc5 13. dxc6 bxc6 14. Qd4 Qxd4 15. Nxd4 Rb8 (15... Ne7 $16) 16. Nxf5 ({Resist} 16. Bxc4 $6 Ne7 $16) (16. Nxc6 $18 Rb6 17. Nxa7) 16... exf5 17. Bxc4 Ne7 18. e6 fxe6 19. Bxe6 Rxb2 20. Rab1 Rb6 21. Rxb6 axb6 {[%mdl 4096] Endgame KRB-KRN} 22. Rb1 Nd5 23. c4 Nf4 24. Bxf5 O-O 25. Bd7 Ra8 (25... Rd8 $142) 26. g3 ({Don't do} 26. Rxb6 $6 Rxa2 27. h4 Ne2+ 28. Kh2 Nd4) 26... Ne2+ 27. Kf1 Nc3 28. Rb3 ({Much less strong is} 28. Bxc6 Nxb1 29. Bxa8 Kf8) 28... Ne4 $2 {[#]} (28... Nxa2 {might work better.} 29. Bxc6 Ra5 30. Rxb6 Kf8) 29. Bxc6 $18 Nd2+ 30. Ke1 Nxb3 31. Bxa8 {KB-KN} Nc5 32. Kd2 Kf7 33. f4 Ke6 34. Ke3 Kd6 35. h4 Na6 36. Ke4 Nc5+ $2 (36... Ke6 37. g4 Nc5+ 38. Kd4 Na6 39. Bd5+ Kf6) 37. Kf5 Ke7 38. g4 Na4 39. Kg6 Kf8 40. f5 Nb2 41. Bd5 Nd3 42. g5 Nf4+ 43. Kh7 hxg5 44. hxg5 {[%cal Bh4g5,Bg5g6][%mdl 32] White mates.} b5 45. f6 gxf6 46. g6 Nh5 47. cxb5 {[%cal Bc4b5,Bb5b6][%mdl 32]} f5 48. b6 Nf6+ 49. Kh8 {Precision: White = 84%, Black = 25%.} 1-0

[Event "XIX Sant Marti Open 2017"]
[Site "Barcelona"]
[Date "2017.07.17"]
[Round "5"]
[White "Quirhuayo Chumbe, German Gonzalo"]
[Black "Vassallo Barroche, Mauricio"]
[Result "1-0"]
[WhiteElo "2376"]
[BlackElo "2376"]
[Annotator "NA"]
[PlyCount "83"]
[EventDate "2017.??.??"]
[EventType "swiss"]
[EventCountry "ESP"]
[SourceTitle "playchess.com"]
[Source "ChessBase"]
[SourceQuality "1"]
[TimeControl "5400+30"]

1. e4 {[%emt 0:29:12]} e5 {[%emt 0:00:36]} 2. Nf3 {[%emt 0:00:06]} Nc6 {[%emt 0:00:04]} 3. Bb5 {[%emt 0:00:07]} a6 {[%emt 0:02:40]} 4. Ba4 {[%emt 0:00:07]} Nf6 {[%emt 0:00:29]} 5. d3 {[%emt 0:00:09]} d6 {[%emt 0:00:18]} 6. c3 {[%emt 0:00:16]} Bd7 {[%emt 0:03:24]} 7. O-O {[%emt 0:00:32]} g6 {[%emt 0:01:26]} 8. Nbd2 {[%emt 0:01:44]} Bg7 {[%emt 0:00:05]} 9. Re1 {[%emt 0:00:46]} O-O {[%emt 0:02:11]} 10. Nf1 {[%emt 0:00:09]} Nh5 {[%emt 0:08:37] C77: Ruy Lopez: 3...a6 4 Ba4 Nf6, unusual lines} (10... h6 11. Ng3 Qe8 12. h3 Nd8 13. Bb3 c5 14. d4 b5 15. dxe5 dxe5 16. Qd6 c4 17. Bc2 Nh7 18. b3 {½-½ (40) Stefansson,H (2602)-Ipatov,A (2624) Reykjavik 2015}) 11. Ng3 {[%emt 0:03:38]} Nxg3 {[%emt 0:05:13]} 12. hxg3 {[%emt 0:02:10]} Bg4 $146 {[%emt 0:02:40]} ({Predecessor:} 12... Ne7 13. Bxd7 Qxd7 14. d4 Rad8 15. dxe5 dxe5 16. Qxd7 Rxd7 {½-½ (16) Voloshin,L (2449)-Klovans,J (2428) Mlada Boleslav 2008}) 13. Be3 {[%emt 0:02:15]} b5 {[%emt 0:05:58]} 14. Bc2 {[%emt 0:05:49]} d5 {[%emt 0:03:15]} 15. Bc5 {[%emt 0:06:44]} Re8 {[%emt 0:00:30]} 16. Qe2 {[%emt 0:02:52]} d4 {[%emt 0:02:41]} 17. Qd2 {[%emt 0:07:14]} Qd7 {[%emt 0:14:36]} 18. Rac1 {[%emt 0:02:22]} Nd8 {[%emt 0:04:58]} 19. cxd4 {[%emt 0:05:29]} exd4 {[%emt 0:00:19]} 20. Nh2 {[%emt 0:02:22]} Be6 {[%emt 0:00:21]} 21. Bd1 {[%emt 0:00:42]} a5 {[%emt 0:01:36]} 22. g4 {[%emt 0:00:59]} Nb7 {[%emt 0:00:20]} 23. Rf1 {[%emt 0:03:02]} Ra6 {[%emt 0:01:49]} 24. b3 {[%emt 0:02:37]} b4 {[%emt 0:03:28]} 25. f4 {[%emt 0:04:25]} Qb5 {[%emt 0:03:07]} 26. a4 {[%emt 0:00:50]} bxa3 {[%emt 0:01:16]} 27. Bxa3 c5 {[%emt 0:00:27]} 28. f5 {[%emt 0:02:06]} Bxb3 {[%emt 0:00:55]} 29. g5 {[%emt 0:06:19]} a4 $14 {[%emt 0:03:53]} 30. Ng4 Qd7 {[%emt 0:09:12]} 31. Be2 {[%emt 0:04:10]} Rc6 {[%emt 0:14:25]} 32. Rf3 {[%emt 0:04:09]} gxf5 {[%emt 0:03:46]} 33. exf5 {[%emt 0:00:23]} Bd5 {[%emt 0:00:20]} 34. Rf2 {[%emt 0:01:04]} f6 {[%emt 0:00:27]} 35. Bd1 {[%emt 0:00:19]} Ra6 36. Bf3 {[%emt 0:00:28]} Bxf3 {[%emt 0:01:32]} 37. Rxf3 {[%emt 0:00:01]} Qe7 {[%emt 0:00:08]} 38. Rcf1 {[%emt 0:00:34]} Qe2 {[%emt 0:00:22]} 39. Qc1 {[%emt 0:00:20]} Qa2 {[%emt 0:00:04]} 40. gxf6 {[%emt 0:01:10]} Bf8 41. Nh6+ Kh8 42. Rg3 {[%emt 0:01:31]} 1-0

[Event "XIX Sant Marti Open 2017"]
[Site "Barcelona"]
[Date "2017.07.17"]
[Round "5"]
[White "Buchenau, Frank"]
[Black "Narciso Dublan, Marc"]
[Result "0-1"]
[WhiteElo "2279"]
[BlackElo "2516"]
[Annotator "TA"]
[PlyCount "128"]
[EventDate "2017.??.??"]
[EventType "swiss"]
[EventCountry "ESP"]
[SourceTitle "playchess.com"]
[Source "ChessBase"]
[SourceQuality "1"]

{[%evp 15,128,-11,5,-70,-69,-73,-43,-59,-62,-62,-43,-84,-72,-95,-55,-61,-57,-91,-82,-87,-79,-87,-83,-128,-127,-127,-129,-155,-153,-149,-135,-206,-201,-197,-193,-193,-195,-190,-197,-204,-199,-208,-206,-201,-195,-221,-204,-205,-185,-200,-166,-223,-223,-227,-228,-228,-228,-228,-228,-224,-216,-228,-228,-228,-228,-211,-172,-185,-169,-154,-154,-224,-216,-223,-227,-231,-241,-319,-310,-279,-279,-284,-282,-278,-270,-281,-283,-277,-281,-276,-256,-264,-261,-298,-265,-321,-247,-293,-266,-255,-256,-413,-397,-360,-319,-316,-310,-295,0,-307,-309,-304,-300,-281,-279]} 1. e4 c6 2. Nf3 d5 3. Nc3 Bg4 4. d4 Nf6 5. e5 Nfd7 6. h3 {B11: Caro-Kann: Two Knights Variation} Bxf3 7. Qxf3 e6 8. Qg3 Qb6 {LiveBook: 4 Games} (8... c5 9. Nb5 cxd4 10. Nxd4 Nc6 11. Nxc6 bxc6 12. Bd3 g6 {½-½ (48) Martirosyan,H (2516)-Hovhannisyan,R (2631) Yerevan 2017}) 9. Ne2 (9. f4 $1 $11) 9... c5 $15 10. Qb3 $146 ({Predecessor:} 10. c3 Nc6 11. dxc5 Nxc5 12. Nd4 Ne4 13. Qe3 Bc5 14. Bb5 Bxd4 15. Bxc6+ bxc6 16. Qxd4 Qxd4 17. cxd4 {½-½ (23) Grimberg,B (2345)-Mueller,C (2184) Wunsiedel 2015}) 10... cxd4 11. Qxb6 axb6 12. Nxd4 Nxe5 13. Bb5+ Nbc6 14. Bf4 {Bxe5 is the strong threat.} O-O-O 15. O-O-O Bc5 16. c3 Bxd4 17. cxd4 Nc4 18. Rd3 Nd6 $36 {[%mdl 2048] Black has strong initiative.} 19. Ba4 b5 20. Bc2 Kd7 21. Rdd1 Ra8 22. Kb1 Ra7 23. Rhe1 (23. g4 $17) 23... Rha8 $19 24. Bb3 Nc4 25. g4 g6 26. h4 N4a5 27. Bc2 Nb4 $1 28. a3 Nxc2 29. Kxc2 Nc6 30. h5 Ra4 31. Be3 b4 32. axb4 Rxb4 33. b3 (33. Rd2 $142) 33... Ra3 34. Rd3 Rb6 {Strongly threatening ...Nb4+.} 35. Kb2 Nb4 36. Rd2 {[#]} Rxb3+ $1 {[%mdl 512]} 37. Kxb3 {Threatens to win with Rh1.} Nd3+ $1 38. Kc3 Nxe1 {[%mdl 4096] Endgame KRB-KRN} 39. Ra2 gxh5 40. gxh5 Rc6+ 41. Kd2 Nf3+ 42. Ke2 {[#]} Nh4 $1 43. Ra8 (43. Ra7 $17) 43... Rc8 44. Ra7 Kc6 45. Ra1 b5 46. Bf4 Kb7 47. Rb1 Kb6 48. Bd6 Rc2+ 49. Kd3 Rxf2 50. Ra1 {[#]} b4 $1 51. Bxb4 Nf5 52. Bc5+ Kb5 53. Rb1+ Kc6 54. Rb8 Rf3+ 55. Ke2 Rf4 56. Rf8 Ng3+ ({Resist} 56... Nxd4+ 57. Bxd4 Rxd4 58. Rxf7 $19) 57. Ke3 Nxh5 58. Rh8 $2 (58. Rc8+ {was called for.} Kd7 59. Rh8) 58... Re4+ 59. Kd2 Nf6 60. Rc8+ Kb5 61. Rb8+ Kc6 62. Rc8+ $1 Kb7 {Black has a decisive advantage.} 63. Rf8 {[#]} Nd7 $1 {[%cal Rd7f8]} 64. Rxf7 Kc6 {Precision: White = 43%, Black = 87%.} 0-1